Los jesuitas

Saved in:
書目詳細資料
主要作者: Guillermou, Alain (Author)
格式: 圖書
語言:西班牙语
出版: Barcelona Oikos-Tau 1970
叢編:Qué Sé, 12
主題:
標簽: 添加標簽
沒有標簽, 成為第一個標記此記錄!

MARC

LEADER 00000nam a2200000 a 4500
001 UCP4915
003 CL-VaPUC
008 990821e19700000SP |||||||||||||||||spa|d
082 0 4 |a 271.53  |b GUI  |2 21 
100 0 |a Guillermou, Alain  |e author  |9 432936 
245 1 4 |a Los jesuitas 
300 |a 123 p 
942 |c BK 
945 |d 19990821 00:00:00  |a crobeson 
260 |a Barcelona  |b Oikos-Tau  |c 1970 
650 0 |a Jesuitas  |9 268366 
650 0 |a Órdenes religiosas  |9 257499 
650 7 |a MISIONES JESUITICAS  |2 CL-VaPUC  |9 324485 
650 0 |a Reforma católica  |9 432937 
650 7 |a HISTORIA ECLESIASTICA  |2 CL-VaPUC  |9 432938 
583 |a last modification  |c 19990821 00:00:00  |k Rodrigo Vera 
490 0 |a Qué Sé, 12 
999 |c 282805  |d 282803 
952 |0 0  |1 0  |4 0  |6 271_530000000000000_GUI_1970  |7 0  |8 A  |9 325222  |a BIBHIS  |b BIBHIS  |d 2019-11-20  |i 1356232  |o 271.53 GUI 1970  |p 1356232  |r 2025-01-20  |w 2019-11-20  |y BK  |k HIS 
952 |0 0  |1 0  |4 0  |6 271_530000000000000_GUI_1970  |7 0  |8 A  |9 325223  |a BIBHIS  |b BIBHIS  |d 2019-11-20  |i 1356240  |l 1  |o 271.53 GUI 1970  |p 1356240  |r 2025-01-20  |s 2024-10-22  |w 2019-11-20  |y BK  |k HIS